| 000 | 00413nam a22001577a 4500 | ||
|---|---|---|---|
| 003 | LK-CoDNM | ||
| 005 | 20240813110225.0 | ||
| 008 | 240813b |||||||| |||| 00| 0 eng d | ||
| 040 |
_aLK-CoDNM _dLK-CoDNM _eLK-CoDNM |
||
| 080 |
_a10 _bR15 |
||
| 100 | _aROBERTS S. C | ||
| 245 | _aPicture Book of Britich History | ||
| 260 |
_acambridge _bat the university press _c1914 |
||
| 300 | _a67p. ; 34 cm | ||
| 942 | _cBK | ||
| 999 |
_c147332 _d147332 |
||